Welcome to CU Library Online Public Access Catalogue (OPAC)

A dictionary of finance and banking. (Record no. 2603)

MARC details
000 -LEADER
fixed length control field 00684cam a2200229 i 4500
001 - CONTROL NUMBER
control field 17851233
005 - DATE AND TIME OF LATEST TRANSACTION
control field 20250116181057.0
008 - FIXED-LENGTH DATA ELEMENTS--GENERAL INFORMATION
fixed length control field 130814s2014 enk d 000 0 eng
020 ## - INTERNATIONAL STANDARD BOOK NUMBER
International Standard Book Number 9780199664931 (pbk.)
020 ## - INTERNATIONAL STANDARD BOOK NUMBER
International Standard Book Number 0199664935 (pbk.)
050 00 - LIBRARY OF CONGRESS CALL NUMBER
Classification number HG151
Item number .D54 2014
082 00 - DEWEY DECIMAL CLASSIFICATION NUMBER
Classification number 332.03
Edition information 23
245 02 - TITLE STATEMENT
Title A dictionary of finance and banking.
250 ## - EDITION STATEMENT
Edition statement Fifth edition.
300 ## - PHYSICAL DESCRIPTION
Extent 481 pages ;
Dimensions 20 cm.
500 ## - GENERAL NOTE
General note "Editor of the fourth and fifth editions, Jonathan Law"--Preliminary page.
500 ## - GENERAL NOTE
General note Previous edition: 2008.
650 #0 - SUBJECT ADDED ENTRY--TOPICAL TERM
Topical term or geographic name entry element Finance
Form subdivision Dictionaries.
650 #0 - SUBJECT ADDED ENTRY--TOPICAL TERM
Topical term or geographic name entry element Banks and banking
Form subdivision Dictionaries.
700 1# - ADDED ENTRY--PERSONAL NAME
Personal name Law, Jonathan.
942 ## - ADDED ENTRY ELEMENTS (KOHA)
Source of classification or shelving scheme Library of Congress Classification
Koha item type Books
Suppress in OPAC No
999 ## -
-- 2603
-- 2603
Holdings
Withdrawn status Lost status Source of classification or shelving scheme Damaged status Not for loan Collection Home library Current library Shelving location Date acquired Total checkouts Full call number Barcode Date last seen Copy number Price effective from Koha item type
    Library of Congress Classification     Non-fiction Graduate Library (Christ Temple) Graduate Library (Christ Temple) Reference 01/16/2025   REF HG 151 D54 DIC GSCT00000272 01/16/2025 1 01/16/2025 Books
    Library of Congress Classification     Non-fiction Graduate Library (Christ Temple) Graduate Library (Christ Temple) Reference 01/16/2025   REF HG 151 D54 DIC GSCT00000273 01/16/2025 2 01/16/2025 Books
© 2023-2024 Copyright: Central University Libraries. All Rights Reserved | Created by: Mahone Tech Office